La interpretacin̤ y aplicacin̤ del ordenamiento jurd̕ico pb︢lico : especial referencia al abuso del derecho /

Detalles Bibliográficos
Autor principal: Castillo Blanco, Federico A.
Autor Corporativo: Instituto Nacional de Administracin̤ Pb︢lica (Espaą)
Formato: Libro
Lenguaje:español
Publicado: Madrid : Instituto Nacional de Administracin̤ Pb︢lica, 2008.
Colección:Estudios y documentos / Instituto Nacional de Administracin̤ Pb︢lica.
Materias:
Acceso en línea:Acceso restringido

MARC

LEADER 00000cam a2200000 i 4500
005 20110708100632.0
008 080722s2008 sp o000 0 spa d
017 |a D.L.M.21712-2008 
020 |a 978-84-7351-276-3 
024 8 |a NIPO 329-08-010-1 
035 |a 5548 
040 |a SpMaUCDE  |d BUS  |d vLex 
080 |a 347.124(460) 
090 |c 2188  |d 2188 
100 1 |a Castillo Blanco, Federico A. 
245 1 3 |a La interpretacin̤ y aplicacin̤ del ordenamiento jurd̕ico pb︢lico :  |b especial referencia al abuso del derecho /  |c Francisco A. Castillo Blanco.  |h [Recurso electrn̤ico] 
256 |a Servicio en ln̕ea. 
260 |a Madrid :  |b Instituto Nacional de Administracin̤ Pb︢lica,  |c 2008. 
300 |a 293 p. ;  |c 24 cm. 
490 1 |a Estudios y documentos / Instituto Nacional de Administracin̤ Pb︢lica. 
506 1 |a Contenido solo disponible en los productos indicados  |d vLex Global  |d vLex Global (Academic Edition, excluding Law Schools)  |d vLex Global (U.S. Academic Edition, Law Schools)  |d vLex Global (U.S. Academic Edition, excluding Law Schools)  |d vLex Global (Academic Edition, Law Schools) 
650 0 7 |a Lm̕ites del ejercicio de los derechos subjetivos  |2 Tesauro vLex 
650 0 7 |2 Tesauro vLex  |a Lm̕ites intrn̕secos de los derechos 
650 0 7 |2 Tesauro vLex  |a Abuso del derecho 
650 0 7 |2 Tesauro vLex  |a Interpretacin̤ del derecho 
710 2 |a Instituto Nacional de Administracin̤ Pb︢lica (Espaą)  
740 0 |a vLex Libros (Servicio en ln̕ea) 
810 2 |a Instituto Nacional de Administracin̤ Pb︢lica (Espaą).  |t Estudios y documentos. 
856 4 0 |u http://vlex.com/source/interpretacion-aplicacion-ordenamiento-juridico-publico-especial-referencia-abuso-derecho-5548  |z Acceso restringido 
942 |c BOOK